000 01063cam a2200337 i 4500
999 _c200459882
_d78094
003 TR-AnTOB
005 20240416155430.0
007 ta
008 171201s2016 tu d b 001 0 tur d
020 _a9789750240157
020 _a9750240154
035 _a(OCoLC)1017100613
040 _aSULEY
_beng
_erda
_cSULEY
_dTR-AnTOB
041 0 _atur
050 1 _aKJE947
090 _aKJE947
_b.B395 2016
100 1 _aBaykal, Sanem
_eauthor
_926590
245 1 0 _aAvrupa Birliği kurumsal hukuku /
_cProf. Dr. Sanem Baykal, Doç. Dr. İlke Göçmen.
250 _aBirinci baskı : Kasım 2016
264 1 _aAnkara :
_bSeçkin Yayıncılık,
_c2016.
300 _a792 pages :
_btables ;
_c24 cm
336 _atext
_btxt
_2rdacontent
337 _aunmediated
_bn
_2rdamedia
338 _avolume
_bnc
_2rdacarrier
490 0 _aSeçkin.Hukuk ;
_v1678
610 0 _aAvrupa Birliği
_920814
650 7 _aHukuk
_zAvrupa Ekonomik Topluluğu ülkeleri
_923336
_2etuturkob
700 1 _aGöçmen, İlke
_eauthor
_9139620
942 _2lcc
_cBK